000 00835nam a2200325Ia 4500
001 31501
005 20240114001530.0
007 ta
008 060808s g b000 u 465 u
040 _aCotton College,Assam
041 _a465
082 _a294.23
_bB 469 Sr
100 _aBhattacharyya , A. .
245 0 _aSrimad Bhagavadgita: Upanisat /
_cA.Bhattacharyya.
_hTextual Documents
250 _a4th ed. /
260 _aCalcutta :
_bModern Book Agency Pvt. Ltd. ,
_cNd.
300 _a93p. ;
500 _aBengali & English Translations of Gita`s
653 _aReligious Literature-Gita
653 _aGita
653 _aG-Religion
942 _2ddc
_cBK
999 _c31483
_d31483